| 000 | 00766nam a22001577a 4500 | ||
|---|---|---|---|
| 008 | 120316t xxu||||| |||| 00| 0 eng d | ||
| 020 | _a0072929898 | ||
| 050 | _aHD2844.C82 | ||
| 100 | _aCottrell, David M. | ||
| 245 |
_aBusiness and accounting research using lexis-nexis / _cDavid M. Cottrell |
||
| 260 |
_aBoston: _bIrwin-McGraw Hill, _cc1998. |
||
| 300 |
_ax, 266 p.: _bill; _c24cm. |
||
| 505 | _aContents: Getting connected -- Introduction to searches -- Advanced searches: Syntax and strategy -- Getting help -- Financial accounting and audit research -- Financial statement analysis and specific company research -- International business and accounting -- Researching business questions and cases using lexis-nexis. | ||
| 650 | _aAccounting. | ||
| 942 |
_2lcc _cBK |
||
| 999 |
_c656 _d8156 |
||